[Event "Caribbean-ch U16"]
[Site "San Salvador"]
[Date "2021.11.27"]
[Round "2"]
[White "Gonzalez Torres, Raquel Sofia"]
[Black "Rojas Mora, Maria Salvadora"]
[Result "0-1"]
[WhiteElo "1024"]
[BlackElo "1176"]
[PlyCount "62"]
[EventDate "2021.11.27"]
[EventType "swiss"]
[EventRounds "9"]
[EventCountry "ESA"]
[SourceTitle "EXT 2023"]
[Source "ChessBase"]
[SourceDate "2022.10.05"]
[SourceVersion "1"]
[SourceVersionDate "2022.10.05"]
[SourceQuality "1"]
[WhiteTeam "Costa Rica"]
[BlackTeam "Costa Rica"]
[WhiteTeamCountry "CRI"]
[BlackTeamCountry "CRI"]

1. e4 e5 2. Nf3 Nc6 3. d4 exd4 4. Nxd4 Bc5 5. c3 Qf6 6. Be3 Qg6 7. Qf3 Nf6 8. Nd2 Ne5 9. Qf4 d6 10. h3 Bd7 11. f3 0-0-0 12. 0-0-0 h5 13. Nb5 a6 14. Bxc5 Bxb5 15. Bxb5 axb5 16. Nb3 Nc4 17. Bb4 h4 18. Rhg1 Nh5 19. Qxh4 Ng3 20. Qg4+ Qxg4 21. hxg4 Ne2+ 22. Kb1 Nxg1 23. Rxg1 c5 24. Ba3 Rh2 25. Nc1 Rdh8 26. Ne2 Rh1 27. Rxh1 Rxh1+ 28. Kc2 Rh2 29. Nf4 g5 30. Nd5 Rxg2+ 31. Kd3 Rd2# 0-1

[Event "Caribbean-ch U16"]
[Site "San Salvador"]
[Date "2021.11.27"]
[Round "9"]
[White "Rojas Mora, Maria Salvadora"]
[Black "Hill, Yeshua Erchomai"]
[Result "1-0"]
[WhiteElo "1176"]
[BlackElo "1325"]
[PlyCount "43"]
[EventDate "2021.11.27"]
[EventType "swiss"]
[EventRounds "9"]
[EventCountry "ESA"]
[SourceTitle "EXT 2023"]
[Source "ChessBase"]
[SourceDate "2022.10.05"]
[SourceVersion "1"]
[SourceVersionDate "2022.10.05"]
[SourceQuality "1"]
[WhiteTeam "Costa Rica"]
[BlackTeam "Barbados"]
[WhiteTeamCountry "CRI"]
[BlackTeamCountry "BAR"]

1. e4 e5 2. d4 exd4 3. Qxd4 Nc6 4. Qe3 Nf6 5. Nc3 Bb4 6. Bd2 0-0 7. 0-0-0 Re8 8. Bc4 Bxc3 9. Bxc3 Nxe4 10. Qf4 Nxc3 11. Bxf7+ Kh8 12. Bxe8 Nxa2+ 13. Kb1 Nc3+ 14. bxc3 Qxe8 15. Nf3 d6 16. Rhe1 Qg8 17. Ng5 Nd8 18. Re7 a5 19. Rde1 a4 20. Re8 a3 21. Rxg8+ Kxg8 22. Re8# 1-0

[Event "Wch FIDE Online U14 Girls America qual"]
[Site "Tornelo INT"]
[Date "2020.12.02"]
[Round "3"]
[White "Rojas Mora, Maria Salvadora"]
[Black "Orbe Vivero, Veronica Priscila"]
[Result "0-1"]
[WhiteElo "1034"]
[BlackElo "1471"]
[PlyCount "62"]
[EventDate "2020.12.01"]
[EventType "swiss (rapid)"]
[EventRounds "7"]
[EventCountry "ISS"]
[SourceTitle "EXT 2022"]
[Source "ChessBase"]
[SourceDate "2021.10.06"]
[SourceVersion "1"]
[SourceVersionDate "2021.10.06"]
[SourceQuality "1"]

1. e4 c5 2. Nf3 Nc6 3. d4 cxd4 4. Nxd4 Nf6 5. f3 e5 6. Nb3 d5 7. exd5 Nxd5 8. c4 Nb6 9. Qxd8+ Nxd8 10. Nc3 Be6 11. c5 Nd7 12. Be3 Bxb3 13. axb3 Bxc5 14. Bxc5 Nxc5 15. b4 Nce6 16. Bc4 0-0 17. 0-0 a6 18. Rfd1 Rc8 19. Bd5 Nd4 20. Kf1 N8c6 21. Bxc6 Rxc6 22. Rac1 Rfc8 23. f4 Nb3 24. Rc2 exf4 25. Rd7 R6c7 26. Rd3 Rc4 27. Rf2 g5 28. Rdf3 Nd4 29. Rd3 Rxb4 30. Nd5 Rc1+ 31. Rd1 Rxd1# 0-1